000 003660000a22001570004500
005 20120302063835.0
942 _cBOOK
100 _a Shriram Sharma
245 _a Divya shaktiyo ka udgam pran shakti se
250 _a 2nd
260 _aMathura:Akhand Jyoti Prakashan,1980.
300 _a132p.
040 _aHin
365 _b3/-
650 _aPranshakti-Gayatri
999 _c360607
_d360604